Method of application of acetylene and ethylene to rubber plant and a comparative study of their respective stimulant effects (Record no. 45458)

MARC details
000 -LEADER
fixed length control field 00507nam a2200157Ia 4500
100 ## - MAIN ENTRY--AUTHOR NAME
Personal name Wenxian Xu
245 #0 - TITLE STATEMENT
Title Method of application of acetylene and ethylene to rubber plant and a comparative study of their respective stimulant effects
260 ## - PUBLICATION, DISTRIBUTION, ETC. (IMPRINT)
Name of publisher Chinese Journal of Tropical Crops
Year of publication 1984
300 ## - PHYSICAL DESCRIPTION
Number of Pages 43-49
650 ## - SUBJECT ADDED ENTRY--TOPICAL TERM
Topical Term Acetylene stimulation
650 ## - SUBJECT ADDED ENTRY--TOPICAL TERM
Topical Term Ethylene stimulation
700 ## - ADDED ENTRY--PERSONAL NAME
Personal name Aodi Wei
700 ## - ADDED ENTRY--PERSONAL NAME
Personal name Shengming Huang
942 ## - ADDED ENTRY ELEMENTS (KOHA)
Koha item type Reprints
Holdings
Withdrawn status Lost status Damaged status Not for loan Home library Current library Shelving location Date acquired Serial Enumeration / chronology Accession Number Koha item type
      Reprints RRII Library RRII Library Physiology 22/12/2021 Volume 5, Issue 1 P01156 Reprints